| 000 | 00998nam a2200289 a 4500 | ||
|---|---|---|---|
| 001 | 000107721 | ||
| 003 | CHAP | ||
| 005 | 20231002133725.0 | ||
| 008 | 131023s2012 mx d |r| ||||0|spa d | ||
| 010 | _a104183 | ||
| 011 | _a105155 | ||
| 040 | _cCHAP | ||
| 082 | 0 | 4 |
_a378.122 _bS66 |
| 100 | 0 | 0 |
_aSánchez Astello, María Magdalena _9107340 |
| 245 | 1 | 0 |
_aManual de organización de la Subdirección de Apoyo Académico / _cpor Ma. Magdalena Sánchez Astello y Alicia Méndez Zavala. |
| 260 |
_aChapingo, Méx. : _bUACH. Subdirección de Apoyo Académico, _c2012. |
||
| 300 |
_a51 p. : _bdiagramas, +1 (CD 4 3/4 plg). |
||
| 590 |
_aE5995AHE _b10 _c20131023 _lUCH01 _h1431 |
||
| 590 |
_aE5995AHE _b10 _c20131023 _lUCH01 _h1443 |
||
| 650 | 1 | 4 |
_aUACH _xAdministración. _9115801 |
| 650 | 1 | 4 |
_aUniversidades _xAdministración. _9116596 |
| 700 | 0 |
_aMéndez Zavala, Alicia. _976605 |
|
| 710 | 2 |
_aUACH. _bUnidad de Planeación, Organización y Métodos |
|
| 901 | _aBK | ||
| 942 | _cLIBRO | ||
| 942 | _n0 | ||
| 999 |
_c104183 _d104183 |
||